header

Kallimachos (Record no. 249539)

MARC details
000 -LEADER
fixed length control field 01890nam a2200433Ia 4500
082 04 - DEWEY DECIMAL CLASSIFICATION NUMBER
Classification number 027.032
100 1# - MAIN ENTRY--AUTHOR NAME
Personal name Blum, Rudolf,
245 10 - TITLE STATEMENT
Title Kallimachos
260 ## - PUBLICATION, DISTRIBUTION, ETC. (IMPRINT)
Place of publication Madison, Wis. :
Name of publisher University of Wisconsin Press,
Year of publication c1991.
300 ## - PHYSICAL DESCRIPTION
Number of Pages ix, 282 p.
490 1# - SERIES STATEMENT
Series statement Wisconsin studies in classics
500 ## - GENERAL NOTE
General note Translation of: Kallimachos und die Literaturverzeichnung bei den Griechen.
650 #0 - SUBJECT ADDED ENTRY--TOPICAL TERM
Topical Term Bibliography
Topical Term Cataloging
Topical Term Greek literature
Topical Term Libraries
856 40 - ELECTRONIC LOCATION AND ACCESS
Uniform Resource Identifier http://site.ebrary.com/lib/rucke/Doc?id=10451113

No items available.

© 2026 Rongo University
Contact us: librarian | system librarian | Rongo university